[Event "Robert Silk Young Masters"]
[Site "London Barbican"]
[Date "1982.07.20"]
[Round "7"]
[White "Hebden, Mark L"]
[Black "Cox, John J"]
[Result "0-1"]
[WhiteElo "2415"]
[BlackElo "2300"]
[Annotator "Reuben, Stewart"]
[PlyCount "104"]
[EventDate "1982.07.13"]
[EventType "tourn"]
[EventRounds "9"]
[EventCountry "ENG"]
[EventCategory "5"]

{White obviously underestimated the weakness of his king in the centre and
should not have played 17 Bxg6 which opens up the position. He would have been
mated had he not given up his queen. Even after that it was a difficult
endgame to win.} 1. e4 e6 2. d4 d5 3. Nc3 Nf6 4. Bg5 Bb4 5. e5 h6 6. Bd2 Bxc3
7. bxc3 Ne4 8. Qg4 g6 9. h4 c5 10. Nf3 Nc6 11. Bd3 Nxd2 12. Kxd2 Qa5 13. Qf4
Bd7 14. Rab1 b6 15. h5 O-O-O 16. hxg6 fxg6 17. Bxg6 Rdg8 18. Bd3 Rxg2 19. Rxh6
Rhg8 20. Rbh1 cxd4 21. Nxd4 Nxd4 22. Qxd4 R2g4 23. Rh8 Rxd4 24. Rxg8+ Kc7 25.
Rh7 Rf4 26. Rgg7 Qa4 27. Rxd7+ Qxd7 28. Rxd7+ Kxd7 29. Ke3 Rh4 30. Bb5+ Ke7 31.
f3 Rh5 32. Kd4 Rf5 33. c4 dxc4 34. Bc6 Kd8 35. c3 Kc7 36. Be4 Rh5 37. a4 a6 38.
Bg6 Rh4+ 39. Be4 Rh5 40. Bg6 Rh4+ 41. Be4 a5 42. Kxc4 Rxe4+ 43. fxe4 Kc6 44.
Kb3 Kc5 45. Kb2 Kc4 46. Kc2 b5 47. axb5 Kxb5 48. Kb3 a4+ 49. Ka3 Kc4 50. Kxa4
Kxc3 51. Kb5 Kd4 52. Kc6 Kxe4 0-1

[Event "Robert Silk Young Masters"]
[Site "London Barbican"]
[Date "1982.07.20"]
[Round "7"]
[White "Motwani, Paul"]
[Black "Tisdall, Jonathan D"]
[Result "1/2-1/2"]
[WhiteElo "2255"]
[BlackElo "2435"]
[Annotator "Reuben, Stewart"]
[PlyCount "29"]
[EventDate "1982.07.13"]
[EventType "tourn"]
[EventRounds "9"]
[EventCountry "ENG"]
[EventCategory "5"]

{Jon decided to play a nice, safe, sound line instead of the rather hairy
variations he has chosen in the past against this line. White just decided to
exchange everything off. The final position is very drawn.} 1. e4 c5 2. Nf3 e6
3. d4 cxd4 4. Nxd4 a6 5. Bd3 Nc6 6. Nxc6 dxc6 7. O-O e5 8. Nd2 Bd6 9. Nc4 Be6
10. Nxd6+ Qxd6 11. Qe2 Nf6 12. Rd1 Qe7 13. Bg5 h6 14. Bxf6 Qxf6 15. Bc4 1/2-1/2

[Event "Robert Silk Young Masters"]
[Site "London Barbican"]
[Date "1982.07.20"]
[Round "7"]
[White "Taulbut, Shaun M"]
[Black "Norris, Alan J"]
[Result "1/2-1/2"]
[WhiteElo "2465"]
[BlackElo "2280"]
[Annotator "Reuben, Stewart"]
[PlyCount "80"]
[EventDate "1982.07.13"]
[EventType "tourn"]
[EventRounds "9"]
[EventCountry "ENG"]
[EventCategory "5"]

{Black equalised easily enough and then had most of the play, what there was
of it, in the middlegame.} 1. e4 g6 2. d4 Bg7 3. c3 d6 4. f4 c5 5. dxc5 Nf6 6.
cxd6 exd6 7. e5 dxe5 8. Qxd8+ Kxd8 9. fxe5 Ng4 10. Nf3 Re8 11. Na3 Bxe5 12.
Nxe5 Rxe5+ 13. Be2 Ne3 14. Kf2 Ng4+ 15. Bxg4 Bxg4 16. Nc4 Re2+ 17. Kg3 Nd7 18.
Ne3 Bh5 19. Nd5 Re5 20. c4 Rc8 21. b3 Rc6 22. Bf4 Re2 23. Rhe1 Rce6 24. Rxe2
Rxe2 25. Bg5+ Kc8 26. Nc3 Re6 27. h4 f6 28. Bd2 Nc5 29. Re1 Rxe1 30. Bxe1 g5
31. Bf2 Nd7 32. Bxa7 b6 33. c5 bxc5 34. Na4 c4 35. bxc4 gxh4+ 36. Kxh4 Bf7 37.
Bd4 Bxc4 38. Nc3 Ne5 39. Bxe5 fxe5 40. Kg5 Kd7 1/2-1/2

[Event "Robert Silk Young Masters"]
[Site "London Barbican"]
[Date "1982.07.20"]
[Round "7"]
[White "Watson, William N"]
[Black "Conquest, Stuart"]
[Result "1-0"]
[WhiteElo "2370"]
[BlackElo "2275"]
[Annotator "Reuben, Stewart"]
[PlyCount "55"]
[EventDate "1982.07.13"]
[EventType "tourn"]
[EventRounds "9"]
[EventCountry "ENG"]
[EventCategory "5"]

{The trouble with facing a vigorous attack like Watson's is that the least
slip may well spell disaster. The general feeling was that 21...Qb2 followed
by 22...Bxc3 would have refuted the pawn sacrifices, because it brings the
Black queen into play.} 1. e4 g6 2. d4 Bg7 3. Nc3 d6 4. f4 Nf6 5. e5 Nfd7 6.
Nf3 O-O 7. h4 c5 8. e6 fxe6 9. h5 gxh5 10. Rxh5 Nf6 11. Rh4 cxd4 12. Nxd4 Nc6
13. Nxc6 bxc6 14. g4 Qa5 15. Bd2 Qb6 16. g5 Nd5 17. Qh5 Rf7 18. g6 hxg6 19.
Qxg6 Nxc3 20. Bd3 Kf8 21. bxc3 d5 22. Ke2 e5 23. Rah1 Ke8 24. Rh8+ Bxh8 25.
Rxh8+ Kd7 26. Qxf7 e4 27. Qe8+ Kd6 28. Rh6+ 1-0

[Event "Robert Silk Young Masters"]
[Site "London Barbican"]
[Date "1982.07.21"]
[Round "8"]
[White "Conquest, Stuart"]
[Black "Taulbut, Shaun M"]
[Result "0-1"]
[WhiteElo "2275"]
[BlackElo "2465"]
[Annotator "Reuben, Stewart"]
[PlyCount "66"]
[EventDate "1982.07.13"]
[EventType "tourn"]
[EventRounds "9"]
[EventCountry "ENG"]
[EventCategory "5"]

{The general feeling is that Stuart should be trying more direct, violent
openings, at this stage of his career. He seemed to lose the thread of the
game. 21 Bf1 looks better than the move played. The whole concept of
manoeuvring the knight to pick up the pawn on a4 was wrong. It wasted too much
time.} 1. Nf3 Nf6 2. g3 d5 3. Bg2 c6 4. O-O Bg4 5. d4 Nbd7 6. Nbd2 e6 7. b3 Be7
8. Bb2 O-O 9. Re1 a5 10. a3 a4 11. b4 Bf5 12. c4 Ne4 13. c5 Nxd2 14. Nxd2 Bg6
15. f3 f5 16. e3 Bh5 17. Qc2 Bg6 18. f4 Bh5 19. Bc3 Nf6 20. Rab1 Be8 21. Nf3
Ne4 22. Ne5 Bf6 23. Nd3 g5 24. Nb2 Qe7 25. Nxa4 gxf4 26. gxf4 Bh4 27. Rf1 Kh8
28. Be1 Rg8 29. Kh1 Bh5 30. Nc3 Rxa3 31. Nxe4 fxe4 32. Bxe4 Rxe3 33. Bd3 Bxe1
0-1

[Event "Robert Silk Young Masters"]
[Site "London Barbican"]
[Date "1982.07.21"]
[Round "8"]
[White "Cox, John J"]
[Black "Watson, William N"]
[Result "0-1"]
[WhiteElo "2300"]
[BlackElo "2370"]
[Annotator "Reuben, Stewart"]
[PlyCount "80"]
[EventDate "1982.07.13"]
[EventType "tourn"]
[EventRounds "9"]
[EventCountry "ENG"]
[EventCategory "5"]

{William's game plan was to keep the position simple and the draw in hand. A
case of the operation bein a failure but the patient surviving. 6...c5 is more
normal. 13 e5 was extremely plausible. 15...exf4 16 Bxf4 Ne6 17 Bxd6 Neg5 18
Bxf8 Bxf8 would give considerable compensation for the exchange. 24 Re1 was
much better than c5, White overlooked the force of Qe3.} 1. c4 g6 2. Nc3 Bg7 3.
g3 d6 4. Bg2 Nf6 5. e4 O-O 6. Nge2 Be6 7. d3 Qc8 8. h3 c6 9. Be3 Na6 10. Rc1
Nc7 11. g4 Bd7 12. f4 h5 13. g5 Nh7 14. Nd4 e5 15. Nf3 Re8 (15... exf4 16. Bxf4
Ne6 17. Bxd6 Nexg5 18. Bxf8 Bxf8 $44) 16. f5 gxf5 17. exf5 Bxf5 18. Nh4 Bg6 19.
O-O Ne6 20. Nxg6 fxg6 21. h4 Nd4 22. Ne4 Qe6 23. Bxd4 exd4 24. c5 d5 25. Nf2
Qe3 26. Qb3 Rab8 27. Rce1 Qf4 28. Ne4 Qxh4 29. Nd6 Rf8 30. Bxd5+ cxd5 31. Qxd5+
Kh8 32. Nf7+ Rxf7 33. Qxf7 Qxg5+ 34. Kh1 Qh4+ 35. Kg2 Qg5+ 36. Kh1 Be5 37. Re4
Rf8 38. Qxf8+ Nxf8 39. Rxf8+ Kg7 40. Re1 Bf6 {Congratulations to William on
winning the tournament with a round to spare, and also on learning how to
write a legible scoresheet. It is noticeable that, since learning to do the
latter, his standard of play has risen remarkably.} 0-1

[Event "Robert Silk Young Masters"]
[Site "London Barbican"]
[Date "1982.07.21"]
[Round "8"]
[White "Motwani, Paul"]
[Black "Hebden, Mark L"]
[Result "0-1"]
[WhiteElo "2255"]
[BlackElo "2415"]
[Annotator "Reuben, Stewart"]
[PlyCount "81"]
[EventDate "1982.07.13"]
[EventType "tourn"]
[EventRounds "9"]
[EventCountry "ENG"]
[EventCategory "5"]

{Paul allowed Mark to reach one of his favourite opening systems, which he
played seemingly effortlessly. It seems that 8 a4 is a better move. Mark felt
comfortable from the very start - and this is something you should always try
to prevent.} 1. d4 Nf6 2. c4 c5 3. d5 b5 4. cxb5 a6 5. e3 g6 6. Nc3 Bg7 7. e4
O-O 8. bxa6 d6 9. Nf3 Qa5 10. Bd2 Bxa6 11. Bxa6 Qxa6 12. Qe2 Nfd7 13. Rb1 Rc8
14. O-O Qxe2 15. Nxe2 Rxa2 16. Bc3 Ra4 17. Nd2 Rc7 18. f3 Rb7 19. Bxg7 Kxg7 20.
Nc3 Rd4 21. Rfd1 Na6 22. Kf1 Ne5 23. Ne2 Rdb4 24. b3 Nc7 25. Nc3 f5 26. Ke2
fxe4 27. fxe4 Nb5 28. Nxb5 R7xb5 29. Ra1 Rb7 30. Ra8 Ng4 31. h3 Nf6 32. Ke3 Rd4
33. Rda1 Nxe4 34. Nxe4 Rxb3+ 35. Kf4 Rxd5 36. R1a7 Rf5+ 37. Kg4 h5+ 38. Kh4
Rf4+ 39. g4 Rxe4 40. Re8 hxg4 41. hxg4 0-1

[Event "Robert Silk Young Masters"]
[Site "London Barbican"]
[Date "1982.07.21"]
[Round "8"]
[White "Norris, Alan J"]
[Black "Davies, Nigel Rodney"]
[Result "1/2-1/2"]
[WhiteElo "2280"]
[BlackElo "2410"]
[Annotator "Reuben, Stewart"]
[PlyCount "26"]
[EventDate "1982.07.13"]
[EventType "tourn"]
[EventRounds "9"]
[EventCountry "ENG"]
[EventCategory "5"]

{A non-event, although it is true that wholesale exchanges are about to occur.
} 1. d4 g6 2. c4 Bg7 3. Nf3 d6 4. Nc3 Nf6 5. e4 Bg4 6. Be2 Bxf3 7. Bxf3 Nfd7 8.
Be3 Nc6 9. Ne2 Na5 10. Rc1 c5 11. O-O Nc6 12. Qd2 Qb6 13. Rfd1 cxd4 1/2-1/2

[Event "Robert Silk Young Masters"]
[Site "London Barbican"]
[Date "1982.07.21"]
[Round "8"]
[White "Tisdall, Jonathan D"]
[Black "Rogulj, Branko"]
[Result "1-0"]
[WhiteElo "2435"]
[BlackElo "2400"]
[Annotator "Reuben, Stewart"]
[PlyCount "79"]
[EventDate "1982.07.13"]
[EventType "tourn"]
[EventRounds "9"]
[EventCountry "ENG"]
[EventCategory "5"]

{Another swashbuckling effort from the American, with both players going for
the jugular (well, one should expect that of a Yugoslav) and time-trouble. It
is amazing how the two queens managed to attack the king via the queenside.
White's kingside was more compact than Black's and the game was already lost
when the grotesque blunder 36...Nf6 came.} 1. d4 Nf6 2. c4 c5 3. d5 e6 4. Nc3
exd5 5. cxd5 d6 6. e4 g6 7. f3 Bg7 8. Bg5 O-O 9. Qd2 Re8 10. Nge2 a6 11. a4
Nbd7 12. Nc1 Rb8 13. Be2 Qc7 14. a5 b5 15. axb6 Qxb6 16. Ra2 Ne5 17. O-O h5 18.
h3 Nh7 19. Bh6 Bh8 20. f4 Nd7 21. f5 Bd4+ 22. Kh1 Ndf6 23. fxg6 fxg6 24. Nd3
Nxe4 25. Nxe4 Rxe4 26. Nf4 Qb4 27. Qd3 Bf5 28. Qxa6 c4 29. Ra4 Qb3 30. Bxc4 Qg3
31. Ra3 Qh4 32. Bd3 Be5 33. Bxe4 Bxe4 34. Re3 Nf6 35. Qa7 Ng4 36. Qxb8+ Kh7 37.
Rxe4 Nf2+ 38. Rxf2 Qxf2 39. Rxe5 dxe5 40. Qxe5 1-0

[Event "Robert Silk Young Masters"]
[Site "London Barbican"]
[Date "1982.07.22"]
[Round "9"]
[White "Hebden, Mark L"]
[Black "Tisdall, Jonathan D"]
[Result "1/2-1/2"]
[WhiteElo "2415"]
[BlackElo "2435"]
[Annotator "Reuben, Stewart"]
[PlyCount "23"]
[EventDate "1982.07.13"]
[EventType "tourn"]
[EventRounds "9"]
[EventCountry "ENG"]
[EventCategory "5"]

{Apparently after the players agreed a draw after an hour's play, they then
went off and analysed the final position for 2 hours. Harry Golombek tells me
that he once saw two players agree an instant draw and they then went to a
side-room, where they continued playing the game "for real". These 3 draws may
have been in protest at the early start to the last round - beloved of many
organisers, but an anathema to most players. I had opposed this when we set up
the tournament. The games almost never continue endlessly and the event is
arranged for the players, not the controllers. However, he players do have a
responsibility to the sponsors and these instant draws are extremely negative
for public relations.} 1. e4 c5 2. f4 e6 3. Nf3 a6 4. d4 cxd4 5. Nxd4 d6 6. Nc3
Nf6 7. Bd3 Nbd7 8. O-O b5 9. a3 Bb7 10. Kh1 Be7 11. b4 O-O 12. Qe1 1/2-1/2

[Event "Robert Silk Young Masters"]
[Site "London Barbican"]
[Date "1982.07.22"]
[Round "9"]
[White "Rogulj, Branko"]
[Black "Norris, Alan J"]
[Result "1-0"]
[WhiteElo "2400"]
[BlackElo "2280"]
[Annotator "Reuben, Stewart"]
[PlyCount "57"]
[EventDate "1982.07.13"]
[EventType "tourn"]
[EventRounds "9"]
[EventCountry "ENG"]
[EventCategory "5"]

{If Alan thought that exchanging off the major pieces was a short-cut to a
draw, he must have been rudely awakened, when it became clear that he was
totally lost a few moves later.} 1. e4 g6 2. d4 Bg7 3. Nc3 d6 4. f4 Nc6 5. Be3
Nf6 6. h3 O-O 7. g4 e5 8. dxe5 dxe5 9. f5 Qxd1+ 10. Rxd1 Rd8 11. Rxd8+ Nxd8 12.
Rh2 b6 13. g5 Nh5 14. Rd2 Bb7 15. Rd7 Ng3 16. f6 Bf8 17. Rxc7 Nxf1 18. Kxf1 Bc6
19. Nd5 Bb5+ 20. c4 Ba6 21. b3 Ne6 22. Ne7+ Kh8 23. Rd7 b5 24. Rd6 Bb7 25. Nf3
Bxe7 26. fxe7 Re8 27. Rd7 Bxe4 28. Nxe5 Kg7 29. Ng4 1-0

[Event "Robert Silk Young Masters"]
[Site "London Barbican"]
[Date "1982.07.22"]
[Round "9"]
[White "Taulbut, Shaun M"]
[Black "Cox, John J"]
[Result "1-0"]
[WhiteElo "2465"]
[BlackElo "2300"]
[Annotator "Reuben, Stewart"]
[PlyCount "65"]
[EventDate "1982.07.13"]
[EventType "tourn"]
[EventRounds "9"]
[EventCountry "ENG"]
[EventCategory "5"]

{When Shaun is at his best he seems better able than most to obtain positions
in which his opponents are ill at ease. He took the initiative away from
Hebden and here keeps the position simple. Black had to safeguard his centre
against the thrust f5 before embarking on any queenside sortie. After it came,
he was practically helpless.} 1. e4 e6 2. d4 d5 3. Nd2 Nc6 4. Ngf3 Nf6 5. e5
Nd7 6. g3 f6 7. Qe2 fxe5 8. dxe5 Nc5 9. Nb3 Nxb3 10. axb3 Be7 11. Bg2 O-O 12.
O-O Qe8 13. c3 Bd7 14. Ne1 a5 15. Nd3 a4 16. bxa4 b5 17. f4 Rxa4 18. Rxa4 bxa4
19. f5 Rxf5 20. Rxf5 exf5 21. Bxd5+ Kh8 22. e6 Bc8 23. Qf3 Nd8 24. Qxf5 Qb5 25.
c4 Qb6+ 26. c5 Bxc5+ 27. Kg2 Be7 28. Be4 g6 29. Qe5+ Kg8 30. Bh6 Nxe6 31. Bd5
Kf7 32. Qg7+ Ke8 33. Qg8+ 1-0